Fujara and other wind instruments of Central Slovakia

Bibliographic Details
Main Authors: Reay, Lorna, 1953- (Author), Kočík, Karol (Author)
Format: Book
Language:English
PhysicalDescription:iii, 111 s. ilustrácie, noty, portréty 28 cm
Published: Hitchin World Music Publications 2011
ISBN:9780957048201
Subjects:

MARC

LEADER 00000cam a2200000 a 4500
001 vtls010479983
003 SK-MaSNL
005 20260425230108.0
008 240313s2011 xxkgac g f 000 0deng
015 |a SNBZSA2017 
020 |a 9780957048201  |q (brožované) 
035 |a urn:nbn:sk:snk-am00cxp3 
035 |a urn:nbn:sk:snk-am3hep4 
035 |a FE168263-724F-4545-8134-77809CFE2188 
040 |a SNK  |b slo  |c SNK  |e AACR2 
041 0 |a eng 
043 |a e-xo--- 
044 |a xxk  |c GB 
072 7 |a 780.6  |x Hudobné nástroje a príslušenstvo  |2 konspekt 
080 |a 780.641.1/.5  |2 2011 
080 |a 780.6  |2 2011 
080 |a 78.031.4  |2 2011 
080 |a (048.8)  |2 2011 
080 |a 780.643/.644  |2 2011 
080 |a (437.64)  |2 2011 
100 1 |a Reay, Lorna,  |d 1953-  |4 aut  |9 416330 
245 1 0 |a Fujara and other wind instruments of Central Slovakia  |c Lorna Reay and Karol Kočík 
260 |a Hitchin  |b World Music Publications  |c 2011 
300 |a iii, 111 s.  |b ilustrácie, noty, portréty  |c 28 cm 
650 0 7 |a fujara  |2 SNKPH  |9 240310 
650 0 7 |a ľudové hudobné nástroje  |2 SNKPH  |9 28790 
650 0 7 |a drevené dychové nástroje  |2 SNKPH  |9 240311 
650 0 7 |a ľudová hudba  |2 SNKPH  |9 3183 
650 0 7 |a fujara  |2 SNKPHeng  |9 240310 
650 0 7 |a Folk musical instruments  |2 SNKPHeng  |9 326335 
650 0 7 |a Folk music  |2 SNKPHeng  |9 90462 
650 0 7 |a Woodwind instruments  |2 SNKPHeng  |9 374862 
651 7 |a Slovensko stredné  |2 SNKPH  |9 163655 
651 7 |a Central Slovakia  |2 SNKPHeng  |9 350056 
655 7 |a monografie  |2 SNKPH  |9 70139 
655 7 |a Monographs  |2 SNKPHeng  |9 120675 
700 1 |a Kočík, Karol  |4 aut  |9 11503 
919 |a 978-0-9570482-0-1 
958 |a ZS 
958 |a SK 
999 |c 666508  |d 668438 
952 |a SNK  |b SNK  |y PREZ  |7 0  |p 17A1253745  |o snkSB 91234  |i snk2017/4750  |8 3  |g 32.79  |0 0  |1 0  |4 0  |d 2017-02-21  |f 1  |l 0  |r 2025-05-14 00:00:00  |w 2026-02-23